000 00439nam a2200157Ia 4500
003 IQ-KOUCL
041 _aKurdish
082 _a491,7 cut-928 ش
100 _a20260118u\\\\\\\\\\\y0engy0103\\\\ba
100 _aپ.د.رفێق شوانىى
245 0 _aڕیشەناسى زمان ووشەى کوردى
250 _aچ1
260 _bجابخابەى وزارەتى پەروردە
_aهەولیر
_c2023
300 _a315
942 _cBk
999 _c186734
_d186734